| 000 | 00473nam a2200169Ia 4500 | ||
|---|---|---|---|
| 008 | 230917s9999||||xx |||||||||||||| ||und|| | ||
| 020 | _cRS860 | ||
| 040 |
_e211229 _aMAIN |
||
| 041 | _aEnglish | ||
| 082 | _a327.51 R15C | ||
| 100 | _aRanade, Jayadeva | ||
| 245 | 0 | _aChina unveiled: Insights into Chinese strategic thinking | |
| 260 |
_aNew Delhi _bKnowledge World _c2013 |
||
| 300 | _axiii, 312 p. | ||
| 500 | _a3632 21/10/2013 426 25/10/2013 Main Budget | ||
| 942 | _cBK | ||
| 999 |
_c32886 _d32886 |
||